Cargadores a Indias / (Record no. 11391)

MARC details
000 -LEADER
campo de control de longitud fija 01039nam a2200301 i 4500
001 - NÚMERO DE CONTROL
campo de control 11391
003 - IDENTIFICADOR DE NÚMERO DE CONTROL
campo de control ES-MaACL
005 - FECHA Y HORA DE LA ÚLTIMA TRANSACCIÓN
campo de control 20250902013441.0
007 - CAMPO FIJO DE DESCRIPCIÓN FÍSICA--INFORMACIÓN GENERAL
campo de control de longitud fija t|
008 - DATOS DE LONGITUD FIJA--INFORMACIÓN GENERAL
campo de control de longitud fija 921103s1992 sp |||| | spa j
020 ## - NÚMERO INTERNACIONAL ESTÁNDAR DEL LIBRO
Número Internacional Estándar del Libro 84-7100-544-1
080 ## - NÚMERO DE LA CLASIFICACIÓN DECIMAL UNIVERSAL
Número de la Clasificación Decimal Universal 316.343.34(460)"15/17"
080 ## - NÚMERO DE LA CLASIFICACIÓN DECIMAL UNIVERSAL
Número de la Clasificación Decimal Universal 339.5(460:8=60)"15/17"
080 ## - NÚMERO DE LA CLASIFICACIÓN DECIMAL UNIVERSAL
Número de la Clasificación Decimal Universal 339.5(8=60:460)"15/17"
100 1# - ENTRADA PRINCIPAL--NOMBRE DE PERSONA
Nombre de persona Ruiz Rivera, Julián B.
9 (RLIN) 179044
245 10 - MENCIÓN DEL TÍTULO
Título Cargadores a Indias /
Mención de responsabilidad, etc. Julián B. Ruiz Rivera, Manuela Cristina García Bernal.
260 ## - PUBLICACIÓN, DISTRIBUCIÓN, ETC.
Lugar de publicación, distribución, etc. Madrid :
Nombre del editor, distribuidor, etc. MAPFRE,
Fecha de publicación, distribución, etc. D.L. 1992.
300 ## - DESCRIPCIÓN FÍSICA
Extensión 395 p. ;
Dimensiones 23 cm.
490 1# - MENCIÓN DE SERIE
Mención de serie Relaciones entre España y América ;
Designación de volumen o secuencia 12
500 ## - NOTA GENERAL
Nota general Índices.
504 ## - NOTA DE BIBLIOGRAFÍA, ETC.
Nota de bibliografía, etc. Bibliografía: p. [365]-384.
650 17 - PUNTO DE ACCESO ADICIONAL DE MATERIA--TÉRMINO DE MATERIA
Término de materia o nombre geográfico como elemento de entrada Comerciantes-
Subdivisión geográfica España
Fuente del encabezamiento o término
9 (RLIN) 168881
651 #4 - PUNTO DE ACCESO ADICIONAL DE MATERIA--NOMBRE GEOGRÁFICO
Nombre geográfico España-
Subdivisión general Comercio exterior-
Subdivisión geográfica América española-
Subdivisión cronológica S.XVI-XVIII.
9 (RLIN) 169142
700 1# - ENTRADA AGREGADA--NOMBRE PERSONAL
Nombre de persona García Bernal, Manuela Cristina.
9 (RLIN) 54262
830 00 - PUNTO DE ACCESO ADICIONAL DE SERIE-TÍTULO UNIFORME
Título uniforme Colección Relaciones entre España y América
Designación de volumen o secuencia 12
9 (RLIN) 179037
852 ## - LOCALIZACIÓN
Ubicación ES-MaACL
Número de control de estantería L-18716
Holdings
Estatus retirado Estado de pérdida Estado de daño No para préstamo Biblioteca de origen Biblioteca actual Ubicación en estantería Fecha de adquisición Fuente de adquisición Total de préstamos Signatura topográfica completa Código de barras Visto por última vez Precio de reemplazo Tipo de ítem Koha
        Biblioteca del Ateneo de Madrid Biblioteca del Ateneo de Madrid Depósito 2 17/01/2008     L-18716 1011614 23/02/2023 23/02/2023 Libro impreso